Double Entry BookKeeping/ (Record no. 210512)

MARC details
000 -LEADER
fixed length control field 00649nam a22002057a 4500
005 - DATE AND TIME OF LATEST TRANSACTION
control field 20250326124513.0
010 ## - LCCN (DPL NO)
LC control number ENG-144286
020 ## - INTERNATIONAL STANDARD BOOK NUMBER
International Standard Book Number 9789355016515
035 ## - SYSTEM CONTROL NUMBER
System control number EN-127818
037 ## - SOURCE OF ACQUISITION
Source of stock number/acquisition S Chand Publishing
082 ## - DEWEY DECIMAL CLASSIFICATION NUMBER
Classification number 657.042
Edition number 2023
100 ## - MAIN ENTRY--PERSONAL NAME
Personal name Wason, V
245 ## - TITLE STATEMENT
Title Double Entry BookKeeping/
Statement of responsibility, etc V. Wason
260 ## - PUBLICATION, DISTRIBUTION, ETC. (IMPRINT)
Place of publication, distribution, etc Uttar Pradesh
Name of publisher, distributor, etc S Chnad and Company Limited
Date of publication, distribution, etc 2023
270 ## - ADDRESS
Address D-92, Sect5or2
City Noida
Postal code 201301
Telephone number 01204682700
Electronic mail address helpdesk@schandpublishing.com
300 ## - PHYSICAL DESCRIPTION
Extent 625p.
Dimensions 23cm(pb)
500 ## - GENERAL NOTE
General note As per new syllabus of CBSE/NCERT
700 ## - ADDED ENTRY--PERSONAL NAME
Personal name V. Wason
9 (RLIN) 79930
942 ## - ADDED ENTRY ELEMENTS (KOHA)
Source of classification or shelving scheme Dewey Decimal Classification
Item type English Books
Classification part 657.042
Call number suffix WAS
Edition 1
Holdings
Withdrawn status Lost status Not for loan Collection code Home library Current library Date acquired Source of acquisition Cost, normal purchase price Full call number Barcode Copy number Cost, replacement price Koha item type
      Non-fiction Sarojini Nagar Sarojini Nagar 26/03/2025 DBAD 625.00 657.042 WAS EN-127818 1 625.00 English Books

© Delhi Public Library
Hit Counter
free hit counter